| 000 | 00506nam a2200133 a 4500 | ||
|---|---|---|---|
| 008 | 120416s1986 ||||||||||||||||| || u | ||
| 050 | _aQA 76.8 Com | ||
| 245 | 1 | 0 | _aCommodore PC Personal computer |
| 246 | _aGW-BASIC interpreter users guide | ||
| 260 |
_aWest Chester _bCommodore Electronic _c1986 |
||
| 300 | _avii, 274p. : ill. | ||
| 350 | _a0.00 | ||
| 995 |
_D0.00 _FCBU-MAIN LIBRARY (Kitwe) _H1 _I32.00 _M1 _UAVAILABLE _ZAnnex Low-Usage Collection |
||
| 999 |
_c37853 _d37853 |
||